| 000 | 00481nam a2200193Ia 4500 | ||
|---|---|---|---|
| 005 | 20240823051952.0 | ||
| 008 | 240823s9999||||xx |||||||||||||| ||und|| | ||
| 020 | _a81-239-1363-X | ||
| 041 | _aENGLISH | ||
| 082 | _A621.382 P6 | ||
| 100 | _aGopal R | ||
| 245 | 0 | _aProblems and Solution in Analog Systems | |
| 250 | _a1st | ||
| 260 |
_c2006 _b"CBS Publishers and Distributor (P) Ltd,Ch" |
||
| 500 | _aYES | ||
| 650 |
_aAnalog _bElectronics |
||
| 942 | _cBK | ||
| 999 |
_c220785 _d220785 |
||